000 00300nam a22001337a 4500
008 170712b xxu||||| |||| 00| 0 eng d
020 _a0153123249
041 _aeng
080 _a038
100 _a23
101 _aFJA
245 _aPEOPLE WORDS AND DICTIONARIES
_cJENKINSON, E.B
942 _2udc
_cBK
999 _c20375
_d20375